Регионална библиотека "Любен Каравелов" - Русе

Международни стратегии (Запис номер 119659)

MARC детайли
000 -Лидер
Контролно поле с фиксирана дължина 01949nam a2200445 c 4500
003 - Код на организацията, давaща контролен номер
Контролно поле BLK
005 - Дата и час на последна редакция
Контролно поле 20200120110832.0
008 - Елементи от данни с фиксирана дължина
fixed length control field 180409b bul|||||r ||||||| ||bul||
010 ## - Наследен системен номер
LC control number KNG00125274000
020 ## - Международен стандартен номер на книга ISBN
Международен стандартен номер на книга ISBN 978-954-400-360-9
040 ## - Източник на каталожния запис
Идентификатор на билиотеката - собственик на записа BLK
041 ## - Код за език
Код за езика на текст/звукозапис или на отделно заглавие Български
Код за езика КДБФ Български
072 #7 - Код за тематичната категория
Код организация bullib
Код за тематична категория Н33
Текст Икономика Н
080 ## - УДК
Текстов определител УДК Външна търговия. Международна търговия. Външно-търговска политика. Мита. Вж и 336. 4
УДК код - определител по УДК 339.5
УДК - код + определител 339.5
080 ## - УДК
Текстов определител УДК Форми на предприятията в зависимост от отношението към собствеността...
УДК код - определител по УДК 334.72
УДК - код + определител 334.72
100 1# - Редна дума - Автор
Автор Дамянов, Атанас
Авторска отговорност първи автор
R(LIN) 364644
139 ## - Редно поле
Редна дума Дамянов, Атанас и др.
Авторски знак Дам - Д 15
245 10 - Сведения за заглавието
Заглавие Международни стратегии
Редно поле (дума) Атанас Дамянов; съавт. Драгомир Ангелов Илиев; съавт. Симеон Петров Момчев.
257 ## - Страна на издаване
Страна на създаване/издаване България
260 ## - Област на издателските данни
Име на издателя, разпространителя и проч. Фабер
Година на издаване 2010
300 ## - Физическа характеристика
Страници 188 с.
Илюстрации и др. с ил.
Размери/Мащаб 24 см
380 ## - Жанр
Жанр Обществени науки
500 ## - Общи забележки
Забележка Библиогр. след отд. материали и под линия.
650 #4 - Допълнително описание по предмет – тема
Основно описание – тема или топоним Външна търговия
9 (RLIN) 262115
650 #4 - Допълнително описание по предмет – тема
Основно описание – тема или топоним Стопански предприятия - управление и организация
9 (RLIN) 253778
650 #4 - Допълнително описание по предмет – тема
Основно описание – тема или топоним Пазари
9 (RLIN) 165495
650 #4 - Допълнително описание по предмет – тема
Основно описание – тема или топоним Маркетинг
9 (RLIN) 161163
653 ## - Ключова дума – ненормативна
Ключова дума външна търговия
653 ## - Ключова дума – ненормативна
Ключова дума стопански предприятия
653 ## - Ключова дума – ненормативна
Ключова дума пазари
653 ## - Ключова дума – ненормативна
Ключова дума маркетинг
659 ## - Тематичен бюлетин
Тематичен бюлетин Н
700 1# - Други автори (авторска отговорност)
Лично име Илиев, Драгомир Ангелов
Автороска отговорност (Описва отношението между автора и произведението) съавт.
9 (RLIN) 292266
700 1# - Други автори (авторска отговорност)
Лично име Момчев, Симеон Петров
Автороска отговорност (Описва отношението между автора и произведението) съавт.
9 (RLIN) 291090
852 ## - Местоположение
Форматна сигнатура Цб 252648
856 4# - Електронен адрес и достъп
Електронен формат pdf - файл
856 4# - Електронен адрес и достъп
Електронен формат pdf - файл
999 ## - СИСТЕМНИ КОНТРОЛНИ НОМЕРА
Koha biblionumber 119659
Koha biblioitemnumber 119659
942 ## - АРТИКУЛИ
Вид на библиотечния материал Книги
Скрит в OPAC Не
Периодичен библиозапис Да
944 ## - СЪЗДАВАНЕ И РЕДАКЦИЯ на ЗАПИСА
Създаване/Редакция Създаване
Дата на регистрацията/редакция 24.08.2011
Служител, извършил регистрацията/редакцията Милена_Ачева
944 ## - СЪЗДАВАНЕ И РЕДАКЦИЯ на ЗАПИСА
Създаване/Редакция Редакция
Дата на регистрацията/редакция 22.12.2011
999 ## - СИСТЕМНИ КОНТРОЛНИ НОМЕРА
Koha biblioitemnumber 119659
999 ## - СИСТЕМНИ КОНТРОЛНИ НОМЕРА
Koha biblioitemnumber 119659
Наличности
Код за отписване Код за изгубен артикул Код за повреда Коз за рестрикции Код за отдаване Артикулен № Име на библиотеката - собственик Име на библиотеката, в която се намира в момента Статус (Текущо местоположение) Дата на вписване в системата Местоположение - отдел Цена в лева Инвентарен номер Систематично азбучна сигнатура Баркод Номер на екземпляра Цена в евро Служебна бележка Служебен тип на артикула Източник на класификационната схема
  Не е изгубен Не е повреден без рестрикции ползва се в читалня 193040 Регионална библиотека "Любен Каравелов" Русе Регионална библиотека "Любен Каравелов" Русе Хранилище 2011-08-24 Хранилище 12.00 120000752505 Цб 252648 120000752505 1 6.14 Дост: Dp Вид: Д N: 7 Дата: 14.02.2011 Книги  
  Не е изгубен Не е повреден без рестрикции заемане за дома 754737 Регионална библиотека "Любен Каравелов" Русе Регионална библиотека "Любен Каравелов" Русе Заемна - подръчен фонд 2020-01-29 Заемна - подръчен фонд 12.00   П 339.5/Д 15 120000842017   6.14   Книги Universal Decimal Classification
Vip Innovations Ltd, Rousse, Bulgaria 2025